书目信息 |
| 题名: |
花样游泳
|
|
| 作者: | 白澄声 , 余丽译 编 ;成都体院游泳教研组审 | |
| 分册: | ||
| 出版信息: | 成都体育学院情报资料研究室 |
|
| 页数: | 134页 | |
| 开本: | 20cm | |
| 丛书名: | ||
| 单 册: | ||
| 中图分类: | G862.22 | |
| 科图分类: | ||
| 主题词: | 水上运动 , 冰上运动 , 雪上运动 | |
| 电子资源: | ||
| ISBN: | ||
| 000 | 00720nam0 2200217 450 | |
| 001 | 0663563952 | |
| 005 | 20060805082659.09 | |
| 100 | @a20060803d km y0chiy0120 ea | |
| 101 | 0 | @achi |
| 200 | 1 | @a花样游泳@Ahua yang you yong@f白澄声,余丽译编@Fbai cheng sheng,yu li yi bian@g成都体院游泳教研组审@Gcheng du ti yuan you yong jiao yan zu shen |
| 210 | @c成都体育学院情报资料研究室 | |
| 215 | @a134页@c表格@d20cm | |
| 606 | 0 | @a水上运动 |
| 606 | 0 | @a冰上运动 |
| 606 | 0 | @a雪上运动 |
| 690 | @aG862.22@v3 | |
| 701 | 0 | @a白澄声@Abai cheng sheng@4编 |
| 701 | 0 | @a余丽译@Ayu li yi@4编 |
| 702 | 0 | @a成都体院游泳教研组审@Acheng du ti yuan you yong jiao yan zu shen |
| 801 | 0 | @aCN@bPFT@c20060805 |
| 905 | @a10447@dG862.22@e38 | |
| 花样游泳/白澄声,余丽译编/成都体院游泳教研组审.-成都体育学院情报资料研究室 |
| 134页:表格;20cm |
| ISBN : |
| ● |
| 相关链接 |
|
|
|
|
正题名:花样游泳
索取号:G862.22/38
 
预约/预借
| 序号 | 登录号 | 条形码 | 馆藏地/架位号 | 状态 | 备注 |
| 1 | 0446739 | 204467399 | 密集书库/ [索取号:G862.22/38] | 在馆 |